| 000 | 00986nam a22002055i 4500 | ||
|---|---|---|---|
| 001 | 159280 | ||
| 003 | ES-MaACL | ||
| 005 | 20250516163846.0 | ||
| 008 | 040716s1869 sp |||| | spa d | ||
| 040 |
_aCAM _bspa _cCAM |
||
| 100 | 1 |
_aMeilhac, Henri. _9129795 |
|
| 245 | 1 | 0 |
_aBarba-Azul _b: opera burlesca en tres actos y en cuatro cuadros / _cpor Enrique Meilhac y Ludovico Halevy ; música del maestro Jacques Offenhbach ; arreglada á la escena española por Angel Povedano. |
| 260 |
_aMadrid : _b[s.n.], _c1869 ( _fImprenta de T. Nuñez Amor) |
||
| 300 |
_a71 p. ; _c19 cm. |
||
| 700 | 1 |
_aHalévy, Ludovic, _d1834-1908 _9240505 |
|
| 700 | 0 |
_aOffenbach, Jacques. _986559 |
|
| 700 | 1 |
_aPovedano, Angel. _9131332 |
|
| 852 |
_aES-MaACL _jF-8597(14) _z-- Enc. pasta española _z-- Ex-libris ms. de Gustavo Saenz Diez _q.- Falto de la cub. original _z.- Enc. en un vol. facticio formando parte de la col. facticia "Teatro español moderno", vol. 50 |
||
| 999 |
_c159280 _d159280 |
||